| 000 | 00665nam a2200169 a 4500 | ||
|---|---|---|---|
| 008 | 120416s1980 ||||||||||||||||| || u | ||
| 050 | _aKD 173.E6 Ham | ||
| 100 | _aHamilton, Richard Neville Dalton | ||
| 245 | 1 | 0 | _aCompensation for compulsory acquisition of agricultural land and of rights in and over such land |
| 250 | _a3rd ed. | ||
| 260 |
_aLondon _bThe Royal Institution of Chartered Survey _c1980 |
||
| 300 | _aiv, 82p. | ||
| 350 | _a0.00 | ||
| 650 | _aLAW | ||
| 650 | _aAGRICULTURAL LAND--COMPENSATION | ||
| 995 |
_D0.00 _FCBU-MAIN LIBRARY (Kitwe) _H1 _I0.00 _M1 _UDAMAGED _ZMain Library Open Access Collection |
||
| 999 |
_c38077 _d38077 |
||